000 00643nam a2200241Ia 4500
003 OSt
005 20220924122117.0
006 a|||||r|||| 00| 0
007 ta
008 220923b |||||||| |||| 00| 0 urd d
024 _a321697
037 _cTextual
040 _aARTS
_cARTS
_burd
041 _2urd
_aurd
082 _aQ7:33, 168H6
100 _aDehalvi Abdurrehman Au.
_9188337
245 0 _aAkhlaqunnabi
260 _aLahore
_bHijazi press India
_c1946
650 _a PROPHETS
_94238
650 _aISLAM
_9577
942 _hQ7:33, 168H6
_cTEXL
_2CC
999 _c410301
_d410301